Liedtext Quiz - Keinen Zentimeter von Clueso - Statistiken

Allgemein
  • Dieses Quiz wurde 41 mal gespielt
  • Das Durchschnittsergebnis liegt bei 167 aus 218
Antwortstatistiken
Antworten % Korrekt
Ich
100%
keinen
100%
wir
100%
Zentimeter
100%
Und
96%
und
96%
uns
96%
will
96%
zu
96%
mehr
93%
um
93%
Die
89%
Ein
85%
mit
85%
Mit
85%
ohne
85%
zwischen
85%
dir
78%
einen
78%
Kontur
78%
Fleck
74%
laufen,
74%
noch
74%
So
74%
vom
74%
begegnen
70%
doch
70%
Augen
67%
Tiefe,
67%
Ende
63%
Frei
63%
frei
63%
Hintergrund
63%
in
63%
Anfang
59%
auf
59%
Viel
59%
Zensur
59%
dem
56%
entspannt
56%
gespannt
56%
reden
56%
deinen
52%
nicht
52%
von
48%
wegen
48%
unternehmen
44%
gern
41%
kann
41%
Leben
41%
Nacht
41%
würd'
41%
Tag
37%
entgegen
33%
hellen
30%
lieben,
30%
liegen,
30%
überlegen
30%
lesen
26%
Offen
26%
glauben,
22%
weit
22%
wirkt
19%
verlegen
15%
warmen
15%
unserm
11%
getauft
7%
Keine übereinstimmenden Quizze gefunden
Verteilung der Resultate
Anzahl Personen mit jedem Resultat
Perzentil nach korrekt beantworteten Fragen
Ihre Resultats-Entwicklung
Sie haben dieses Quiz noch nicht gespielt